Tribhuvan University Central Library

Nuclear magnetic resonance spectoscopy (Record no. 60939)

MARC details
000 -LEADER
fixed length control field 00599 a2200217 4500
041 ## - LANGUAGE CODE
Language code of text/sound track or separate title Eng
082 ## - DEWEY DECIMAL CLASSIFICATION NUMBER
Classification number 547.346
Item number B669n
100 ## - MAIN ENTRY--PERSONAL NAME
Personal name Bevey, Frank Adden, 1918-
245 ## - TITLE STATEMENT
Title Nuclear magnetic resonance spectoscopy
260 ## - PUBLICATION, DISTRIBUTION, ETC.
Place of publication, distribution, etc. London
Name of publisher, distributor, etc. Academic Press
Date of publication, distribution, etc. 1969
300 ## - PHYSICAL DESCRIPTION
Extent ix, 396P. illus
504 ## - BIBLIOGRAPHY, ETC. NOTE
Bibliography, etc. note Bibliography; p. 371-373
650 ## - SUBJECT ADDED ENTRY--TOPICAL TERM
Topical term or geographic name entry element Relaxation
650 ## - SUBJECT ADDED ENTRY--TOPICAL TERM
Topical term or geographic name entry element Geometry
650 ## - SUBJECT ADDED ENTRY--TOPICAL TERM
Topical term or geographic name entry element Polymer configuration
650 ## - SUBJECT ADDED ENTRY--TOPICAL TERM
Topical term or geographic name entry element Spectual integration
650 ## - SUBJECT ADDED ENTRY--TOPICAL TERM
Topical term or geographic name entry element Molecular structure
653 ## - INDEX TERM--UNCONTROLLED
Uncontrolled term Nuclear magnetic resonance spectra
942 ## - ADDED ENTRY ELEMENTS (KOHA)
Source of classification or shelving scheme Dewey Decimal Classification
Koha item type General Collections
518 ## - DATE/TIME AND PLACE OF AN EVENT NOTE
-- 2068-3-21
Holdings
Withdrawn status Lost status Source of classification or shelving scheme Damaged status Not for loan Home library Current library Date acquired Total Checkouts Total Renewals Full call number Barcode Date last seen Date last checked out Price effective from Koha item type
    Dewey Decimal Classification     Tribhuvan University Central Library Tribhuvan University Central Library 07/06/2011 2 2 547.346 B669n 78988 03/03/2015 01/23/2015 07/06/2011 General Collections